000 00788nam a22002651 4500
001 75759
003 BD-RjUL
005 20211209082734.0
008 190630s1958 njua b 000 0 eng
035 _a(BD-RjUL)75978
040 _aDLC
_cDLC
_dDLC
_dBD-RjUL
_beng
041 _aeng
082 0 0 _223
_a306.36
_bDUW 1958
100 1 _aDubin, Robert.
_948674
245 1 4 _aThe world of work :
_bindustrial society and human relations.
260 _aEnglewood Cliffs, N.J.:
_bPrentice-Hall,
_c1958.
300 _a448 p. :
_billus.;
_c26 cm.
490 0 _aPrentice-Hall sociology series
504 _aIncludes bibliography.
650 0 _aIndustrial sociology.
_9232107
650 0 _aIndustrial management.
_9232108
942 _2ddc
_cBK
999 _c75759
_d75759